| 000 | 00353 a2200157 4500 | ||
|---|---|---|---|
| 001 | 189151 | ||
| 020 | _a978-85-86218-73-6 | ||
| 040 | _cMagnum | ||
| 100 | _aHetzel, Graziela Bozano | ||
| 240 | 1 | 0 |
_aPosso dormir com vocĂȘ? _lpor |
| 245 | 1 | 0 | _aPosso dormir com vocĂȘ? |
| 300 | _a36 | ||
| 362 | 0 | _a2010 | |
| 697 | _aLITERATURA INFANTIL | ||
| 942 | _cBK | ||
| 999 |
_c189151 _d189151 |
||